4 to 13 letters quiz # K - Statistics

General Stats
  • This quiz has been taken 39 times
  • The average score is 6 of 10
Answer Stats
Hint Answer # of Letters % Correct
US state nicknamed 'The Sunflower State' Kansas 6
97%
Capital city of Ukraine Kyiv / Kiev 4
94%
African country and its namesake mountain Kenya 5
89%
Southeast Asian capital (two words) Kuala Lumpur 11
78%
Pacific ocean nation including the Tarawa atoll Kiribati 8
72%
Central Asian country with the capital city of Bishkek Kyrgyzstan 10
61%
Capital city of Uganda Kampala 7
47%
Capital city of Saint Vincent and the Grenadines Kingstown 9
44%
Capital city of Sabah, Malaysia (two words) Kota Kinabalu 12
14%
Third highest mountain in the world Kangchenjunga 13
0%
No matching quizzes found
Score Distribution
Percent of People with Each Score
Percentile by Number Answered
Your Score History
You have not taken this quiz